000
00325nam a2200133Ia 4500
999
_c
6768
_d
6768
003
OSt
008
191201s2011 xx 000 0 und d
100
_a
HELFAND, Lewis
245
0
_a
Muhammad Ali the King of Ring
260
_b
KALYANI MEDIA PVT. LTD.
_c
2011
300
_a
84
650
_a
General Books
942
_2
ddc
_c
BK
_0
1